00622nam a2200193Ia 4500001001000000003000500010008004100015010001100056040000900067100002300076245012400099260006200223300000900285500004500294650002400339650002300363700001800386700002400404Para_7289CHAP220125s9999 xx 000 0 und d a206177 cCHAP aCallahan, Lloyd M. aEnvironmental influence on bent grass treated with silvex /c Lloyd M. Callahan, Ralph E. Engel, and Richard D. Ilnicki aNew Yersey :b New Jersey Agricultural Experiment Station a4 p. aSobretiro de: Weed Science, 16 (2), 1968 aAgrotis orthogonia  aCereales x plagas aEngel, Ralph  aIlnichi, Richard D.